Foreign footballers in PL #7 Tottenham Hotspur F.C. - Statistics

General Stats
  • This quiz has been taken 53 times
  • The average score is 7 of 10
Answer Stats
Nationality Footballer % Correct
Wales Gareth Bale, Ben Davies, Joe Rodon
98%
Spain Iago Falque, Cristian Ceballos, Roberto Soldado, Pau López, Fernando Llorente, Sergio Reguilón
83%
Netherlands Rafael van der Vaart, Michel Vorm, Vincent Janssen, Steven Bergwijn
77%
Iceland Gylfi Sigurdsson
74%
Ivory Coast Serge Aurier
74%
Ireland Matt Doherty
70%
USA Brad Friedel, Clint Dempsey, DeAndre Yedlin, Cameron Carter-Vickers
66%
Cameroon Benoît Assou-Ekotto, Sébastien Bassong, Clinton N'Jie
55%
Portugal Gedson Fernandes
51%
South Africa Steven Pienaar, Bongani Khumalo
36%
No matching quizzes found
Score Distribution
Percent of People with Each Score
Percentile by Number Answered
Your Score History
You have not taken this quiz